000 00657nam a22002057a 4500
003 SISC
005 20160627092437.0
008 160622b xxu||||| |||| 00| 0 eng d
020 _a9780547618425
050 _aPR 473 .H758 2012
110 _aHolt McDougal.
245 _aHolt McDougal literature :
_bbritish literature grade 12 /
_cHolt McDougal
250 _aCommon Core ed.
260 _aFL, USA :
_bHoughton Mifflin Harcourt Publishing,
_cc2012.
300 _a1441 p. :
_bcol. ill. ;
_c27 cm.
650 _aLiterature--Textbooks.
650 _aEnglish literature.
650 _aLiterature--Study and teaching (Secondary).
942 _2lcc
_cBK
999 _c296188
_d296188